Continuously reinforced concrete pavement. (Record no. 547686)
[ view plain ]
| 000 -LEADER | |
|---|---|
| fixed length control field | 00760cam a2200205 4500 |
| 020 ## - INTERNATIONAL STANDARD BOOK NUMBER | |
| International Standard Book Number | 030902126X |
| 082 00 - DEWEY DECIMAL CLASSIFICATION NUMBER | |
| Classification number | 625.84 |
| Author Mark | CON |
| -- | D |
| 110 2# - MAIN ENTRY--CORPORATE NAME | |
| Corporate name or jurisdiction name as entry element | National Research Council (U.S.). |
| 9 (RLIN) | 20017 |
| 245 10 - TITLE STATEMENT | |
| Title | Continuously reinforced concrete pavement. |
| 260 ## - PUBLICATION, DISTRIBUTION, ETC. | |
| Place of publication, distribution, etc. | [Washington] |
| Date of publication, distribution, etc. | 1973. |
| 300 ## - PHYSICAL DESCRIPTION | |
| Extent | 23 p. |
| Other physical details | illus. |
| Dimensions | 28 cm. |
| 500 ## - GENERAL NOTE | |
| General note | "NCHRP project 20-5 FY '72." |
| 500 ## - GENERAL NOTE | |
| General note | "Research sponsored by the American Association of State Highway Officials in cooperation with the Federal Highway Administration." |
| 526 ## - STUDY PROGRAM INFORMATION NOTE | |
| Program name | 0 |
| Interest level | 0 |
| Reading level | 0 |
| Title point value | 625_840000000000000_CON |
| 650 #0 - SUBJECT ADDED ENTRY--TOPICAL TERM | |
| Topical term or geographic name entry element | D |
| 9 (RLIN) | 6527 |
| 650 #0 - SUBJECT ADDED ENTRY--TOPICAL TERM | |
| Topical term or geographic name entry element | Pavements, Reinforced concrete. |
| 9 (RLIN) | 21184 |
| 710 1# - ADDED ENTRY--CORPORATE NAME | |
| Corporate name or jurisdiction name as entry element | United States. |
| 9 (RLIN) | 21185 |
| 710 2# - ADDED ENTRY--CORPORATE NAME | |
| Corporate name or jurisdiction name as entry element | American Association of State Highway Officials. |
| 9 (RLIN) | 19665 |
| 942 ## - ADDED ENTRY ELEMENTS (KOHA) | |
| Source of classification or shelving scheme | |
| Koha item type | Book |
| Withdrawn status | Lost status | Source of classification or shelving scheme | Damaged status | Not for loan | Permanent Location | Current Location | Date acquired | Total Checkouts | Full call number | Barcode | Date last seen | Price effective from | Koha item type |
|---|---|---|---|---|---|---|---|---|---|---|---|---|---|
| Military College of Engineering (MCE) | Military College of Engineering (MCE) | 08/05/2014 | 625.84 CON | MCE-42048 | 08/05/2014 | 08/05/2014 | Book |
